6 Groups of 6- Geography #6 - Statistics

General Stats
  • This quiz has been taken 691 times
  • The average score is 26 of 36
Answer Stats
Hint Answer % Correct
Australian States' Capital Cities Sydney
94%
Countries touching the Zambezi River Zambia
93%
Countries touching the Zambezi River Zimbabwe
92%
Australian States' Capital Cities Perth
91%
Non-EU Western Balkan Countries Albania
88%
Countries touching the Zambezi River Botswana
88%
Countries touching the Zambezi River Angola
87%
Non-EU Western Balkan Countries Kosovo
87%
Countries touching the Zambezi River Namibia
87%
Non-EU Western Balkan Countries North Macedonia
87%
Non-EU Western Balkan Countries Serbia
87%
Non-EU Western Balkan Countries Bosnia and Herzegovina
86%
Non-EU Western Balkan Countries Montenegro
86%
Australian States' Capital Cities Melbourne
85%
Countries touching the Zambezi River Mozambique
85%
Gulf Cooperation Council (GCC) Member States Oman
82%
Gulf Cooperation Council (GCC) Member States Saudi Arabia
82%
Gulf Cooperation Council (GCC) Member States Kuwait
81%
Gulf Cooperation Council (GCC) Member States Qatar
81%
Gulf Cooperation Council (GCC) Member States United Arab Emirates
81%
Gulf Cooperation Council (GCC) Member States Bahrain
78%
Australian States' Capital Cities Brisbane
77%
Main Islands of Hawaii Oahu
76%
Australian States' Capital Cities Adelaide
75%
British territories in the Caribbean / North Atlantic British Virgin Islands
67%
Main Islands of Hawaii Hawaii
63%
British territories in the Caribbean / North Atlantic Bermuda
60%
Australian States' Capital Cities Hobart
58%
British territories in the Caribbean / North Atlantic Caymand Islands
56%
Main Islands of Hawaii Maui
52%
British territories in the Caribbean / North Atlantic Turks & Caicos
38%
British territories in the Caribbean / North Atlantic Montserrat
35%
British territories in the Caribbean / North Atlantic Anguilla
33%
Main Islands of Hawaii Kauai
32%
Main Islands of Hawaii Molokai
22%
Main Islands of Hawaii Lanai
18%
No matching quizzes found
Score Distribution
Percent of People with Each Score
Percentile by Number Answered
Your Score History
You have not taken this quiz